Mort subite sur les capitales d'Afrique - Statistiques

Statistiques générales
  • Ce quiz a été pris 88 fois
    80 depuis la dernière actualisation
  • Le résultat moyen est 6 sur 10
Answers on the Grid
Answers color-coded by a green-red scale on the quiz's grid according to % correct below.
Marrakech
Rabat
Alger
Constantine
Tombouctou
Bamako
Ndjamena
Bongor
Moundou
Ghana
Accra
Johannesburg
Bissau
Luanda
Dar Es Salam
Mwanza
Maputo
Thaba Tseka
Yaoundé
Dodoma
 
Statistiques - réponses
Réponse % Correct
Alger
80%
Rabat
76%
Yaoundé
71%
Bamako
68%
Accra
59%
Bissau
53%
Maputo
51%
Ndjamena
51%
Luanda
47%
Dodoma
42%
Aucun quiz correspondant
Distribution des résultats
% des personnes avec chaque résultat
Percentile par nombre de réponses
Votre historique - résultats
Vous n’avez pas pris ce quiz depuis la dernière actualisation